Ungulates by Picture - Statistics

General Stats
  • This quiz has been taken 185 times
  • The average score is 13 of 16
Answer Stats
Picture Answer % Correct
Zebra
100%
Camel
99%
Hippopotamus
99%
Giraffe
98%
Bison
97%
Moose
95%
Rhinoceros
94%
Sheep
93%
Water Buffalo
93%
Reindeer
91%
Mountain Goat
90%
Highland Cow
76%
Tapir
76%
Antelope
69%
Dik Dik
40%
Mouse Deer
21%
No matching quizzes found
Score Distribution
Percent of People with Each Score
Percentile by Number Answered
Your Score History
You have not taken this quiz